00684nam a22001817a 4500003000900000008004100009040007100050082002000121245007200141260005200213300004400265440003300309505008200342650002400424650001500448650001300463700002600476AR-CdUCM190425b ||||| |||| 00| 0 spa d aMUNICIPALIDAD PROVINCIAL DEL CUSCOcBIBLIOTECA MUNICIPAL DEL CUSCO aSur/N°171/1991 aSur :bsemanario regional surandino /cGuido Delran Cousy, Director aCusco.bCentro Bartolomé de las Casas,c1991. a8 páginas. :bilustraciones ;c29 cm. aSur.nAño XIV, N°171,1991 aContenido: La liberalización en camino. -- Un alfabeto para el quechua. ... aSociedad cusqueña aPolítica aSiglo XX aGodenzzi, Juan Carlos